[Event "Madrid"]
[Site "Madrid"]
[Date "1973.??.??"]
[Round "7"]
[White "Calvo Minguez, Ricardo"]
[Black "Andersson, Ulf"]
[Result "0-1"]
[WhiteElo "2470"]
[BlackElo "2555"]

1.Nf3 g6 2.d4 Bg7 3.e4 c6 4.Bd3 d6 5.h3 Nf6 6.O-O O-O 7.Re1 Qc7 8.e5 dxe5
9.dxe5 Nd5 10.a3 Rd8 11.c4 Nb6 12.Qe2 Na6 13.Nc3 Nc5 14.Bc2 Ne6 15.b3 Nd7
16.Ra2 b6 17.Qe3 Bb7 18.h4 h5 19.b4 Ndf8 20.Bb3 Rd7 21.Rd2 Rxd2 22.Qxd2 Rd8
23.Qe3 Rd7 24.Qe4 Qd8 25.Bg5 c5 26.Nd5 b5 27.Rd1 Nxg5 28.Nxg5 e6 29.bxc5 bxc4
30.c6 Bxc6 31.Ne7+ Qxe7 32.Qxc6 cxb3  0-1

[Event "Madrid"]
[Site "Madrid"]
[Date "1973.??.??"]
[Round "9"]
[White "Planinec, Albin"]
[Black "Andersson, Ulf"]
[Result "1/2-1/2"]
[WhiteElo "2525"]
[BlackElo "2555"]

1.g3 g6 2.Bg2 Bg7 3.Nf3 Nf6 4.O-O O-O 5.Re1 d5 6.d3 b6 7.Nbd2 Bb7 8.a4 a5
9.c3 Nbd7 10.Qc2 Re8 11.e4 e5 12.b3 Nc5 13.Bf1 Ba6 14.Ba3 dxe4 15.dxe4 Bd3
16.Bxd3 Qxd3 17.Qd1 Bf8 18.Re3 Qd7 19.Qf1 Rad8 20.Kg2 Ng4 21.Re2 Qc6 22.h3 Nf6
23.Qb1 Nd3 24.Bxf8 Kxf8 25.Qc2 Kg7 26.Re3 Nc5 27.Rae1 Nfd7 28.Nc4 f6 29.Nfd2 Nf8
30.Kh2 Nfe6 31.Rf1 Ng5 32.h4 Nf7 33.f4 exf4 34.gxf4 Nd6 35.Nxd6 Rxd6 36.e5 Qd7
37.Nc4 Rd3 38.b4 Rxe3 39.Nxe3 Qd3 40.exf6+ Kxf6 41.Qxd3 Nxd3 42.Nd5+ Kf5
43.Nxc7 Re2+ 44.Kg3 axb4 45.cxb4 Nxb4 46.Nb5 Rd2 47.Rf3 Nd5 48.Nd6+ Ke6 49.Ne4 Rd4
50.Nc3 Ne7 51.Re3+ Kf7 52.Kg4 Nf5 53.Re4 Rd3 54.Ne2 Kf6 55.h5 Nh6+ 56.Kh4 Nf5+
57.Kg4 gxh5+ 58.Kxh5 Rd2 59.Kg4 h5+ 60.Kh3 Rd3+ 61.Kh2 Rd2 62.Kh3 Rd3+ 63.Kh2 Ne3
64.Rb4 Nd5 65.Rb5 Ke6 66.Ng3 h4 67.Nh5 Kf5 68.a5 bxa5 69.Rxa5 Kg6 70.f5+ Kxh5
71.f6 Rd2+ 72.Kh3 Rd3+ 73.Kh2  1/2-1/2

[Event "Madrid"]
[Site "Madrid"]
[Date "1973.??.??"]
[Round "11"]
[White "Panno, Oscar"]
[Black "Andersson, Ulf"]
[Result "1/2-1/2"]
[WhiteElo "2585"]
[BlackElo "2555"]

1.d4 Nf6 2.c4 e6 3.Nf3 b6 4.g3 Bb7 5.Bg2 Be7 6.Nc3 Ne4 7.Bd2 O-O 8.d5 Nxc3
9.Bxc3 Bf6 10.Rc1 d6 11.Nd4 Bxd4 12.Qxd4 e5 13.Qd2 a5 14.O-O Nd7 15.Be4 Qe7
16.Bc2 Ba6 17.b3 Rfe8 18.Bb2 Nf8 19.a3 Bc8 20.e4 Bh3 21.Rfe1 Ng6 22.b4 axb4
23.axb4 Ra7 24.Qe3 Rea8 25.Bb1 Ra4 26.Qc3 Qd7 27.Bc2 R4a7 28.c5 bxc5 29.bxc5 f5
30.cxd6 cxd6  1/2-1/2

[Event "Madrid"]
[Site "Madrid"]
[Date "1973.??.??"]
[Round "13"]
[White "Andersson, Ulf"]
[Black "Tukmakov, Vladimir B"]
[Result "1/2-1/2"]
[WhiteElo "2555"]
[BlackElo "2545"]

1.Nf3 c5 2.c4 g6 3.d4 cxd4 4.Nxd4 Nc6 5.e4 Nf6 6.Nc3 d6 7.Be2 Nxd4 8.Qxd4 Bg7
9.O-O O-O 10.Qd3 Nd7 11.Bd2 Nc5 12.Qe3 Bd7 13.Rac1 Bc6 14.f3 a5 15.b3 e6
16.Rfd1 Qe7 17.Bf1 Rfd8 18.Qf2 b6 19.Be3 Be5 20.Rc2 Rac8 21.Bd4 Bxd4 22.Qxd4 e5
23.Qe3 Rb8 24.Rcd2 Ne6 25.a3 Kg7 26.b4 Nd4 27.Ne2 Ne6 28.f4 axb4 29.axb4 exf4
30.Nxf4 Nxf4 31.Qxf4 Qxe4 32.Qxe4 Bxe4 33.Rxd6 Rxd6 34.Rxd6 Kf8 35.Kf2 Ke7
36.Rd2 Bc6 37.Ra2 Kd6 38.Ra6 Kc7 39.Ra7+ Bb7 40.Be2 Kd6 41.Bf3 Bxf3 42.Kxf3 Rc8
43.Rxf7 Rxc4 44.Rxh7 Ke6 45.h4  1/2-1/2

[Event "Madrid"]
[Site "Madrid"]
[Date "1973.??.??"]
[Round "14"]
[White "Bellon Lopez, Juan Manuel"]
[Black "Andersson, Ulf"]
[Result "0-1"]
[WhiteElo "2400"]
[BlackElo "2555"]

1.c4 g6 2.g3 Bg7 3.Bg2 Nf6 4.Nc3 O-O 5.d3 d6 6.Qd2 c6 7.b3 Re8 8.Bb2 e5 9.e4 Nbd7
10.Nge2 a5 11.O-O Nc5 12.Rfe1 Qb6 13.d4 exd4 14.Qxd4 a4 15.Rab1 axb3 16.axb3 Nh5
17.Qe3 Qxb3 18.Bf3 Nf6 19.Rec1 Bg4 20.Nd4 Qb6 21.Rd1 Bxf3 22.Qxf3 Qc7 23.Re1 Nfd7
24.Rbd1 Ne5 25.Qe2 Qb6 26.Ba1 Ncd3 27.Nf5 Nxe1 28.Nxg7 N1f3+ 29.Kg2 Kxg7  0-1

[Event "Madrid"]
[Site "Madrid"]
[Date "1973.??.??"]
[Round "15"]
[White "Andersson, Ulf"]
[Black "Ljubojevic, Ljubomir"]
[Result "1-0"]
[WhiteElo "2555"]
[BlackElo "2565"]

1.Nf3 Nf6 2.c4 c5 3.g3 b6 4.Bg2 Bb7 5.O-O e6 6.Nc3 Be7 7.d4 cxd4 8.Qxd4 Nc6
9.Qf4 Rc8 10.Rd1 h6 11.b3 g5 12.Qd2 Bc5 13.Bb2 Ne7 14.Ne5 Bxg2 15.Kxg2 Nf5
16.Qd3 Qc7 17.Nb5 Qb7+ 18.Qf3 d5 19.cxd5 Nxd5 20.Ng4 Be7 21.Bxh8 h5 22.Rxd5  1-0

[Event "Sochi"]
[Site "Sochi"]
[Date "1973.??.??"]
[Round "7"]
[White "Rukavina, Josip"]
[Black "Andersson, Ulf"]
[Result "1/2-1/2"]
[WhiteElo "2460"]
[BlackElo "2535"]

1.d4 Nf6 2.Nf3 e6 3.g3 b6 4.Bg2 Bb7 5.O-O Be7 6.c4 O-O 7.Nc3 Ne4 8.Nxe4 Bxe4
9.Ne1 Bxg2 10.Nxg2 d5 11.Qa4 Qd7 12.Qxd7 Nxd7 13.cxd5 exd5 14.Rd1  1/2-1/2

[Event "Sochi"]
[Site "Sochi"]
[Date "1973.??.??"]
[Round "8"]
[White "Timman, Jan H"]
[Black "Andersson, Ulf"]
[Result "1/2-1/2"]
[WhiteElo "2480"]
[BlackElo "2535"]

1.e4 c5 2.Nf3 e6 3.d4 cxd4 4.Nxd4 Nc6 5.Nb5 d6 6.Bf4 e5 7.Be3 Nf6 8.Bg5 Be6
9.N1c3 a6 10.Bxf6 gxf6 11.Na3 d5 12.exd5 Bxa3 13.bxa3 Qa5 14.Qd2 O-O-O 15.Rd1 Bxd5  1/2-1/2

[Event "Hastings 7475"]
[Site "Hastings"]
[Date "1974.??.??"]
[Round "1"]
[White "Andersson, Ulf"]
[Black "Stean, Michael"]
[Result "1-0"]
[WhiteElo "2580"]
[BlackElo "2345"]

1.Nf3 c5 2.b3 d6 3.c4 e5 4.Nc3 Nc6 5.e3 g6 6.d3 Bg7 7.Bb2 Nge7 8.Be2 O-O
9.O-O h6 10.a3 Be6 11.Nd2 d5 12.cxd5 Nxd5 13.Nxd5 Qxd5 14.Rc1 Rac8 15.Qc2 Qd7
16.Qb1 b6 17.Bc3 a5 18.Nc4 Qc7 19.Bf3 b5 20.Nd2 Rfd8 21.Rfd1 Qa7 22.Bb2 Ne7
23.Qc2 Rd7 24.a4 bxa4 25.bxa4 Nd5 26.Bxd5 Rxd5 27.e4 Rd7 28.Nc4 Qc7 29.Bc3 Bxc4
30.dxc4 Rcd8 31.Rd5 Rxd5 32.cxd5 c4 33.Rb1 Bf8 34.Rb5 Ra8 35.h3 Bc5 36.Qb2 Bb4
37.Bxb4 axb4 38.Qxb4 c3 39.Rc5 Rxa4 40.Qxc3 Qe7 41.Rc4 Ra2 42.Qe3 Kg7 43.Rc1 Ra4
44.Rd1 Qd6 45.Kh2 Ra3 46.Rd3 Ra4 47.Rc3 Qb4 48.f3 Ra2 49.Rb3 Qe7 50.Rd3 Qd6
51.Rd2 Ra3 52.Qf2 h5 53.h4 Rb3 54.Rc2 Rd3 55.Qg3 Rd1 56.Rc6 Qe7 57.Qg5 f6
58.Qe3 f5 59.g3 f4 60.Qb6 fxg3+ 61.Kxg3 Qf8 62.Rxg6+ Kh7 63.Qf6 Rg1+ 64.Kh2  1-0

[Event "Nice olm fin-A"]
[Site "Nice"]
[Date "1974.??.??"]
[Round "1"]
[White "Andersson, Ulf"]
[Black "Timman, Jan H"]
[Result "1/2-1/2"]
[WhiteElo "2580"]
[BlackElo "2540"]

1.Nf3 f5 2.g3 Nf6 3.Bg2 e6 4.c4 Be7 5.O-O O-O 6.d4 c6 7.Nbd2 d5 8.b3 Ne4
9.Bb2 Nd7 10.Qc2 Qe8 11.e3 Qh5 12.Ne5 Nxe5 13.dxe5 Bd7  1/2-1/2

[Event "Nice olm fin-A"]
[Site "Nice"]
[Date "1974.??.??"]
[Round "2"]
[White "Quinteros, Miguel A"]
[Black "Andersson, Ulf"]
[Result "0-1"]
[WhiteElo "2495"]
[BlackElo "2580"]

1.Nf3 Nf6 2.c4 c5 3.g3 b6 4.Bg2 Bb7 5.d3 e6 6.e4 d6 7.Nc3 Be7 8.O-O a6 9.a3 Qc7
10.Ne1 Nc6 11.Nc2 Nd7 12.b4 Bf6 13.Bd2 Nd4 14.Nxd4 Bxd4 15.Rb1 Bc6 16.Ne2 Bf6
17.Qb3 O-O 18.b5 Bb7 19.a4 axb5 20.cxb5 Rfc8 21.Rfc1 Qb8 22.Rc2 Ra7 23.Rbc1 Qa8
24.Ra2 Rd8 25.f4 Rc8 26.Be3 d5 27.e5 Be7 28.d4 cxd4 29.Rxc8+ Bxc8 30.Nxd4 Nc5
31.Qb1 Rxa4 32.Rxa4 Qxa4 33.f5 Bd7 34.Qf1 Qa3 35.Qf4 Nd3 36.Qf1 Nxe5 37.Bf4 Bc5  0-1

[Event "Nice olm fin-A"]
[Site "Nice"]
[Date "1974.??.??"]
[Round "3"]
[White "Portisch, Lajos"]
[Black "Andersson, Ulf"]
[Result "1/2-1/2"]
[WhiteElo "2645"]
[BlackElo "2580"]

1.c4 c5 2.Nf3 Nf6 3.Nc3 b6 4.e4 d6 5.d4 cxd4 6.Nxd4 Bb7 7.Bd3 Nbd7 8.Qe2 g6
9.b3 Bg7 10.Bb2 O-O 11.O-O a6 12.Nd5 Nh5 13.Qe3 e6 14.Nc3 Re8 15.Rfe1 Nhf6
16.Qd2 Qc7 17.h3 Rad8 18.Rac1 Qb8 19.Bb1 Nc5 20.Rcd1 d5 21.exd5 exd5 22.Rxe8+ Rxe8
23.cxd5 Nxd5 24.Nxd5 Bxd5 25.Nf5 Bxb2 26.Nh6+ Kg7 27.Ng4 Be5 28.Qxd5 h5 29.Nxe5 Rxe5
30.Qd4 Ne6 31.Qc3 Kg8 32.Qg3 Qc7 33.Bd3 b5 34.Bf1 Kf8 35.Qd3 Kg7 36.h4 Rc5
37.Qd6 Qa7 38.Bd3 Qb7 39.Re1 Rd5 40.Qg3 Qd7 41.Be4 Rd1 42.Qe3 Rxe1+ 43.Qxe1 Qd4
44.b4 Qc4 45.g3 Qxa2 46.Qc3+ Kg8 47.Qc8+ Kg7 48.Qc3+ Kg8 49.Qc8+ Nf8 50.Qb7 Qd2
51.Kg2 Qd6 52.Bc6 Ne6 53.Qxa6 Nd4 54.Qa8+ Qf8 55.Be8 Ne6 56.Qc6 Qxb4 57.Qb7 Qf8  1/2-1/2

[Event "Nice olm fin-A"]
[Site "Nice"]
[Date "1974.??.??"]
[Round "6"]
[White "Andersson, Ulf"]
[Black "Karpov, Anatoly"]
[Result "1/2-1/2"]
[WhiteElo "2580"]
[BlackElo "2700"]

1.c4 Nf6 2.Nf3 c5 3.Nc3 e6 4.g3 b6 5.Bg2 Bb7 6.O-O Be7 7.d4 cxd4 8.Qxd4 Nc6
9.Qf4 O-O 10.Rd1 Qb8 11.Qxb8 Raxb8 12.Bf4 Rbc8 13.Ne5  1/2-1/2

[Event "Nice olm prel"]
[Site "Nice"]
[Date "1974.??.??"]
[Round "6"]
[White "Durao, Joaquim"]
[Black "Andersson, Ulf"]
[Result "0-1"]
[WhiteElo "2360"]
[BlackElo "2580"]

1.e4 c5 2.Nf3 d6 3.d4 cxd4 4.Nxd4 Nf6 5.Nc3 e6 6.Be3 Be7 7.Bd3 Nc6 8.O-O O-O
9.f4 Nxd4 10.Bxd4 e5 11.Be3 Ng4 12.Qf3 Nxe3 13.Qxe3 exf4 14.Qxf4 Bf6 15.Qd2 Be6
16.Nd5 Bxb2 17.Rab1 Bd4+ 18.Kh1 b6 19.c4 Be5 20.Qe3 Rc8 21.Rb3 g6 22.Ra3 Qd7
23.Be2 Rc5 24.Ra6 Bxd5 25.exd5 Re8 26.Qg5 Bg7 27.Bd3 Re5 28.Qf4 Qe7 29.Qf2 Rc8
30.Ra3 Re8 31.Bb1 Re2 32.Qf3 Re1 33.Bc2 Rxf1+ 34.Qxf1 Qe2 35.Bd3 Qd2  0-1

[Event "Nice olm fin-A"]
[Site "Nice"]
[Date "1974.??.??"]
[Round "7"]
[White "Rantanen, Yrjo A"]
[Black "Andersson, Ulf"]
[Result "0-1"]
[WhiteElo "2410"]
[BlackElo "2580"]

1.e4 c5 2.Nf3 d6 3.d4 cxd4 4.Nxd4 Nf6 5.Nc3 e6 6.Be2 Be7 7.O-O a6 8.f4 Qc7
9.Be3 O-O 10.Bf3 Nc6 11.Nxc6 bxc6 12.Na4 Bb7 13.c4 c5 14.Nc3 Rad8 15.g4 Rfe8
16.g5 Nd7 17.Qd3 Bf8 18.Rad1 Nb6 19.Kh1 Bc6 20.a3 Rd7 21.Rf2 g6 22.Bg2 Bg7
23.Rc2 Rb8 24.Rb1 Na4 25.Nxa4 Bxa4 26.b3 a5 27.f5 Be5 28.Rf2 Bc6 29.fxe6 fxe6
30.Qd1 Rf7 31.Rxf7 Qxf7 32.Qe1 a4 33.bxa4 Rxb1 34.Qxb1 Qa7 35.Bh3 Kf7 36.Qf1+ Ke7
37.Bf4 Bxe4+ 38.Bg2 Bxg2+ 39.Kxg2 Qa8+ 40.Kh3 Qf8  0-1

[Event "Nice olm prel"]
[Site "Nice"]
[Date "1974.??.??"]
[Round "8"]
[White "Kan, Wai S"]
[Black "Andersson, Ulf"]
[Result "0-1"]
[WhiteElo "2200"]
[BlackElo "2580"]

1.e4 c5 2.Nf3 d6 3.d4 cxd4 4.Qxd4 a6 5.Bc4 Nc6 6.Qd3 e6 7.O-O Nf6 8.Bg5 Be7
9.Nc3 b5 10.Bb3 Qc7 11.Rad1 Bb7 12.Bxf6 gxf6 13.Rfe1 Rg8 14.Qe3 O-O-O 15.Ne2 Ne5
16.c4 Qc5 17.Rd4 b4 18.a3 bxa3 19.bxa3 Ng4 20.Qd3 f5 21.Nc3 Ne5 22.Nxe5 dxe5
23.Rxd8+ Rxd8 24.Qc2 fxe4 25.Nxe4 Qd4 26.Ng3 Bc5 27.a4 Qf4 28.Re2 f5 29.Kh1 Rg8
30.Qd2 Qxd2 31.Rxd2 f4 32.Re2 fxg3 33.hxg3 e4 34.Bc2 e3 35.fxe3 h5  0-1

[Event "Nice olm fin-A"]
[Site "Nice"]
[Date "1974.??.??"]
[Round "11"]
[White "Gligoric, Svetozar"]
[Black "Andersson, Ulf"]
[Result "1/2-1/2"]
[WhiteElo "2585"]
[BlackElo "2580"]

1.d4 Nf6 2.c4 e6 3.Nc3 Bb4 4.e3 b6 5.Ne2 Ne4 6.Qc2 f5 7.a3 Bxc3+ 8.Nxc3 Bb7
9.d5 Nxc3 10.Qxc3 Qe7 11.b4 a5 12.Bb2 axb4 13.axb4 Rxa1+ 14.Bxa1 exd5 15.cxd5 Bxd5
16.b5 Qc5 17.Qb2 Rf8 18.Qd2 Bc4 19.Bxg7 Rg8 20.Qb2 Qxb5 21.Qxb5 Bxb5 22.Bxb5 Rxg7
23.g3 Ke7 24.Kd2 Ke6 25.Ra1 c6 26.Ra8 Rg8 27.Bd3 Rf8 28.Ra7 h6 29.f4 d5 30.Rh7 Rf6
31.h3 Nd7 32.g4 fxg4 33.hxg4 Nc5 34.Bf5+ Kd6 35.Kc3 Ne6 36.Kb4 Nc5 37.Kc3 Ne6
38.Kb4 Nc5  1/2-1/2

[Event "Nice olm fin-A"]
[Site "Nice"]
[Date "1974.??.??"]
[Round "12"]
[White "Andersson, Ulf"]
[Black "Hutchings, Stuart J"]
[Result "1/2-1/2"]
[WhiteElo "2580"]
[BlackElo "2310"]

1.Nf3 c5 2.g3 g6 3.Bg2 Bg7 4.O-O Nc6 5.d3 e6 6.e4 Nge7 7.c3 d5 8.Nbd2 O-O
9.Re1 Rb8 10.h4 h6 11.e5 b5 12.d4 b4 13.Nb3 bxc3 14.bxc3 cxd4 15.cxd4 Nf5
16.Ba3 Re8 17.Qd2 Ba6 18.Rec1 Bc4 19.Bf1 Bxf1 20.Kxf1 Qb6 21.Bc5 Qa6+ 22.Qe2 Qxe2+
23.Kxe2 h5 24.Rab1 Rec8 25.Kd3 Bf8 26.Bxf8 Kxf8 27.Nbd2 Rxb1 28.Rxb1 Rb8  1/2-1/2

[Event "Nice olm fin-A"]
[Site "Nice"]
[Date "1974.??.??"]
[Round "14"]
[White "Andersson, Ulf"]
[Black "Keene, Raymond D"]
[Result "1/2-1/2"]
[WhiteElo "2580"]
[BlackElo "2505"]

1.e4 e5 2.f4 Qh4+ 3.g3 Qe7 4.fxe5 d6 5.exd6 Qxe4+ 6.Qe2 Qxe2+ 7.Nxe2 Bxd6
8.d3 Bd7 9.Bg2 Bc6 10.Bxc6+ Nxc6 11.Bf4 Bxf4 12.Nxf4 Nf6  1/2-1/2

[Event "Pula zt"]
[Site "Pula"]
[Date "1975.??.??"]
[Round "?"]
[White "Andersson, Ulf"]
[Black "Borngaesser, Rene"]
[Result "1-0"]
[WhiteElo "2565"]
[BlackElo "2365"]

1.c4 Nf6 2.Nf3 g6 3.b3 Bg7 4.Bb2 d6 5.e3 O-O 6.Be2 Nbd7 7.Qc2 Re8 8.d3 e5
9.Nbd2 c6 10.O-O Nf8 11.c5 b5 12.Rac1 Bb7 13.Qb1 Qb8 14.cxd6 Qxd6 15.Rfd1 c5
16.a4 a6 17.Ba3 Rac8 18.b4 cxb4 19.Bxb4 Qd7 20.axb5 Qxb5 21.Nc4 e4 22.Nd4 Qg5
23.Bxf8  1-0

[Event "Pula zt"]
[Site "Pula"]
[Date "1975.??.??"]
[Round "?"]
[White "Andersson, Ulf"]
[Black "Padevsky, Nikola"]
[Result "1-0"]
[WhiteElo "2565"]
[BlackElo "2480"]

1.Nf3 Nf6 2.c4 e6 3.b3 d5 4.Bb2 Be7 5.e3 O-O 6.Be2 b6 7.O-O Bb7 8.d3 c5 9.Nbd2 Nc6
10.a3 Rc8 11.cxd5 Nxd5 12.Qb1 Bf6 13.Rc1 Bxb2 14.Qxb2 Qf6 15.Qxf6 gxf6 16.Rc2 Rfd8
17.Rac1 Kg7 18.Kf1 Nde7 19.Ne1 Ba6 20.g3 Ne5 21.Nc4 Nxc4 22.bxc4 Nc6 23.Rc3 Rc7
24.Bd1 f5 25.Rb1 Ne5 26.h3 Rcd7 27.Be2 Kf6 28.f4 Nc6 29.Kf2 Kg7 30.Nf3 f6
31.Rg1 Kh8 32.g4 fxg4 33.hxg4 e5 34.f5 h6 35.Nd2 Kg7 36.Ne4 Bb7 37.Rd1 Na5
38.Bf3 Bc6 39.Ke2 Nb7 40.Nf2 Bxf3+ 41.Kxf3 Nd6 42.Ne4 h5 43.Nxd6 hxg4+ 44.Ke4 Rxd6
45.Rg1 Kf7 46.Rxg4 Rh8 47.Rc1 a6 48.a4 a5 49.Rcg1 Rh7 50.R1g2 Rd8 51.R2g3 Rd6
52.Rg8 Rh4+ 53.Kf3 Rh3 54.Rg7+ Kf8 55.Rg8+ Kf7 56.Rg7+ Kf8 57.Rb7 Rh5 58.Rb8+ Kf7
59.Rb7+ Kf8 60.Rgg7 Rh3+ 61.Kf2 Rxd3 62.Rgc7 Rd2+ 63.Ke1 Rd8 64.Rxb6 Rxe3+
65.Kf2 Red3 66.Rxf6+ Kg8 67.Rg6+ Kf8 68.Rf6+ Kg8 69.Re6 R3d4 70.Rxc5 Rf4+
71.Ke3 Rxf5 72.Rexe5 Rf1 73.Rxa5 Re1+ 74.Kf3 Rc1 75.Rec5 Kf7 76.Ra7+ Ke6
77.Rh7 Rf8+ 78.Ke4 Kd6 79.Rhc7 Re1+ 80.Kd4 Rf4+ 81.Kc3 Rf3+ 82.Kb4 Rb1+ 83.Ka5 Rf5
84.Rxf5 Kxc7 85.Rc5+ Kd6 86.Rb5 Rc1 87.Rb4 Kc6 88.Ka6 Rc2 89.a5 Rc1 90.Rb6+ Kc7
91.Kb5 Rb1+ 92.Kc5 Ra1 93.Rc6+ Kb7 94.a6+ Ka7 95.Re6 Rh1 96.Kb5 Rb1+ 97.Kc6 Kxa6
98.c5 Rh1 99.Kc7+ Ka7 100.Re7 Rh6 101.Rd7 Rg6 102.Rh7 Rf6 103.Rd7 Rh6 104.Kc8+ Ka8
105.Rd6 Rh8+ 106.Rd8 Rh6 107.Kc7+ Ka7 108.Re8 Rh7+ 109.Kd6 Rh6+ 110.Re6 Rh8
111.Kd7 Kb8 112.Kc6 Rh7 113.Re8+ Ka7 114.Rd8 Rh6+ 115.Rd6 Rh1 116.Kc7 Rh5
117.c6 Rh1 118.Kc8 Ka8 119.c7 Rh8+ 120.Rd8 Rh7 121.Re8  1-0

[Event "Pula zt"]
[Site "Pula"]
[Date "1975.??.??"]
[Round "?"]
[White "Andersson, Ulf"]
[Black "Hazai, Laszlo"]
[Result "1-0"]
[WhiteElo "2565"]
[BlackElo "2420"]

1.Nf3 g6 2.e4 Bg7 3.d4 d6 4.Be2 Nf6 5.Nc3 O-O 6.O-O Bg4 7.Be3 Nc6 8.Qd2 e5
9.dxe5 dxe5 10.Rad1 Qc8 11.Qc1 Rd8 12.Rxd8+ Qxd8 13.Rd1 Qf8 14.h3 Bxf3 15.Bxf3 Rd8
16.Rxd8 Qxd8 17.Qd1 Qxd1+ 18.Bxd1 Nd4 19.f3 Ne8 20.Nd5 c6 21.Ne7+ Kf8 22.Nc8 a6
23.c3 Nb5 24.a4 Nbc7 25.Bb3 Bf6 26.Nb6 Ne6 27.Bxe6 fxe6 28.Bc5+ Kf7 29.Nd7 Kg7
30.Kf2 Bh4+ 31.g3 Bf6 32.Ke2 Bd8 33.Bf2 Bf6 34.Nc5 Nd6 35.Nxe6+ Kf7 36.Nc5 Bd8
37.b3 Ba5 38.b4 Bc7 39.a5 Bb8 40.Be3  1-0

[Event "Pula zt"]
[Site "Pula"]
[Date "1975.??.??"]
[Round "?"]
[White "Andersson, Ulf"]
[Black "Knaak, Rainer"]
[Result "1/2-1/2"]
[WhiteElo "2565"]
[BlackElo "2510"]

1.Nf3 g6 2.c4 Bg7 3.Nc3 d6 4.g3 e5 5.Bg2 Ne7 6.O-O O-O 7.b4 Nd7 8.Bb2 f5
9.d3 Nf6 10.Qd2 h6 11.Ne1 c6 12.f4 Kh7 13.Nf3 exf4 14.gxf4 Nh5 15.e3 Ng8
16.Rae1 Bd7 17.Ne2 Bxb2 18.Qxb2 Ngf6 19.Ng3 Nxg3 20.hxg3 Qb6 21.Re2 Rae8
22.Rfe1 a5 23.Qd4 Qxd4 24.Nxd4 c5 25.Nc2 b5 26.e4 bxc4  1/2-1/2

[Event "Pula zt"]
[Site "Pula"]
[Date "1975.??.??"]
[Round "?"]
[White "Andersson, Ulf"]
[Black "Pritchett, Craig William"]
[Result "1/2-1/2"]
[WhiteElo "2565"]
[BlackElo "2390"]

1.Nf3 g6 2.c4 Bg7 3.Nc3 d6 4.e3 c6 5.Be2 Nf6 6.O-O O-O 7.d3 Nbd7 8.Qc2 e5
9.b3 Re8 10.Bb2 a6 11.b4 h6 12.Rfd1 Nf8 13.Ne4 d5 14.Nc5 Qc7 15.cxd5 Nxd5
16.a3 a5 17.bxa5 Rxa5 18.Nb3 Ra8 19.Rdc1 Nb6 20.Nc5 Ne6 21.Nxe6 Bxe6 22.d4 e4
23.Qxe4 Bf5 24.Qh4 Na4 25.Bc3 c5 26.Bb5 Re4 27.Qg3 Qxg3 28.hxg3 Nxc3 29.Rxc3 cxd4
30.Nxd4 Rxd4 31.exd4 Bxd4 32.Rac1 Bxc3 33.Rxc3 Rc8 34.Re3 Kf8 35.f3 Be6 36.g4 Rc5
37.a4 Ke7 38.Kf2 h5 39.gxh5 Rxh5 40.Re2 Kd6 41.Rb2 Rc5 42.Ke3 Rc3+ 43.Kf4 f6
44.Rd2+ Ke7 45.Ke4 Rc5 46.Ke3 Re5+ 47.Kf2 Rc5 48.Bd3 g5 49.Rb2 Bd5 50.Be4 Bxe4
51.fxe4 Rc4 52.Rxb7+ Ke6 53.a5 Ra4 54.Rb6+ Ke5 55.a6 Kxe4 56.Rxf6 Ke5 57.Rb6 Kf4  1/2-1/2

[Event "Pula zt"]
[Site "Pula"]
[Date "1975.??.??"]
[Round "?"]
[White "Augustin, Josef"]
[Black "Andersson, Ulf"]
[Result "0-1"]
[WhiteElo "2370"]
[BlackElo "2565"]

1.e4 c5 2.Nf3 d6 3.d3 Nf6 4.g3 e6 5.Bg2 Be7 6.O-O O-O 7.c3 a6 8.Re1 b5 9.d4 Bb7
10.Qd3 Nbd7 11.Nbd2 Qc7 12.b3 Rfc8 13.a4 d5 14.e5 Ne4 15.axb5 axb5 16.Rxa8 Bxa8
17.Bb2 c4 18.Qe3 cxb3 19.Nxe4 dxe4 20.Nd2 Nb6 21.Bxe4 Bxe4 22.Qxe4 Na4 23.Qb1 Nxc3
24.Bxc3 Qxc3 25.Nxb3 Qb4 26.Rd1 g6 27.Rd3 Rc3 28.Rxc3 Qxc3 29.Qd1 h5 30.h4 Bd8
31.Kg2 Bb6 32.Kg1 Kf8 33.Kg2 b4 34.Kg1 Ke7 35.Kg2 Qc6+ 36.Kg1 Qd5 37.Qd3 Kf8
38.Kh2 Kg7 39.Kg1 Ba7 40.Kh2 Bb8 41.Qe3 Bc7 42.Kg1 Qc4 43.Kg2 Bd8 44.Kg1 Kg8
45.Kg2 Bb6 46.f3 Kf8 47.Kf2 Qc2+ 48.Ke1 Ke7 49.f4 Kd7 50.Qf3 Qc6 51.Qd3 Kc7
52.Kd2 Kb7 53.Kd1 Ka7 54.Kd2 Qg2+ 55.Kc1 Qd5 56.Kc2 Bd8 57.Nc5 Qa2+ 58.Kd1 Qa5
59.Nb3 Qa6 60.Kc2 Qc6+ 61.Kb2 Be7 62.Kb1 Kb6 63.Kb2 Kc7 64.Na5 Qd5 65.Nb3 Kd7
66.Kc2 Ke8 67.Kc1 Kf8 68.Kc2 Kg7 69.Kc1 Qh1+ 70.Kc2 Qg2+ 71.Kc1 Qa8 72.Kb1 Qc6
73.Kb2 Qg2+ 74.Kc1 Qg1+ 75.Kc2 Qf2+ 76.Kc1 Bxh4 77.gxh4 Qxh4 78.Qd2 Qg3 79.Nc5 h4
80.Ne4 Qg1+ 81.Kb2 h3 82.Nf2 Qg3 83.Ne4 Qf3 84.Nf2 h2 85.f5 exf5 86.d5 Qg2
87.Kc2 b3+ 88.Kc3 b2 89.Qxb2 Qxd5 90.Qe2 h1=Q 91.Nxh1 Qxh1 92.Kd4 Qe4+ 93.Qxe4 fxe4
94.Kxe4 Kh6 95.Kf4 Kh5  0-1

[Event "Pula zt"]
[Site "Pula"]
[Date "1975.??.??"]
[Round "?"]
[White "Andersson, Ulf"]
[Black "Bukic, Enver"]
[Result "1/2-1/2"]
[WhiteElo "2565"]
[BlackElo "2455"]

1.Nf3 Nf6 2.c4 g6 3.g3 Bg7 4.Bg2 O-O 5.O-O d6 6.Nc3 e5 7.d3 Nc6 8.Rb1 a5
9.a3 Bf5 10.b4 axb4 11.axb4 Qd7 12.b5 Ne7 13.Re1 Bh3 14.Bh1 h6 15.Bb2 g5
16.Ra1 Ng6 17.Qc2 c6 18.Rxa8 Rxa8 19.Ra1 Rxa1+ 20.Bxa1 d5 21.Nd2 Nf4 22.bxc6 bxc6
23.e3 Ng6 24.Bb2 Bf5 25.cxd5 cxd5 26.e4 dxe4 27.dxe4 Be6 28.Nf1 Ne7 29.Na4 Qc6
30.Nc3 Qd7 31.Ne3 Nc6 32.Bg2 Nd4 33.Qd1 Qb7 34.Ba1 Qb3 35.Qxb3 Bxb3 36.Bf1 Nc2
37.Nxc2 Bxc2 38.f3 g4 39.Be2 gxf3 40.Bxf3 Bf8  1/2-1/2

[Event "Pula zt"]
[Site "Pula"]
[Date "1975.??.??"]
[Round "?"]
[White "Bellon Lopez, Juan Manuel"]
[Black "Andersson, Ulf"]
[Result "1-0"]
[WhiteElo "2415"]
[BlackElo "2565"]

1.e4 c5 2.Nf3 e6 3.d4 cxd4 4.Nxd4 a6 5.Nc3 Qc7 6.Be2 Nf6 7.O-O d6 8.Be3 Be7
9.f4 O-O 10.Kh1 b5 11.e5 dxe5 12.fxe5 Nfd7 13.Nf5 exf5 14.Nd5 Qd8 15.Nxe7+ Qxe7
16.Bf3 Nxe5 17.Bxa8 Nbc6 18.Bf4 Qa7 19.Bxc6 Nxc6 20.Re1 Bb7 21.Qd6 Qa8 22.Rad1 Na5
23.Rd3 Bxg2+ 24.Kg1 Bf3 25.Rxf3  1-0

[Event "Pula zt"]
[Site "Pula"]
[Date "1975.??.??"]
[Round "?"]
[White "Urzica, Aurel"]
[Black "Andersson, Ulf"]
[Result "1-0"]
[WhiteElo "2250"]
[BlackElo "2565"]

1.e4 c5 2.Nf3 d6 3.d4 cxd4 4.Nxd4 Nf6 5.Nc3 e6 6.Be2 a6 7.O-O Be7 8.f4 Qc7
9.Qe1 O-O 10.Kh1 Nc6 11.Be3 Nxd4 12.Bxd4 b5 13.Qg3 Bb7 14.a3 Bc6 15.Rae1 Rae8
16.Bf3 Rd8 17.Nd1 Ne8 18.Ne3 Bf6 19.c3 e5 20.fxe5 Bxe5 21.Qh4 Kh8 22.Bd1 Rd7
23.Bb3 Kg8 24.Nf5 Bb7 25.Rd1 Bxd4 26.Rxd4 g6 27.Rd3 Qd8 28.Qh6 Qf6 29.Rh3 Qh8
30.Qh4 h5 31.Rg3 Qh7 32.Ne7+ Kg7 33.Rgf3 d5 34.exd5 Qh6 35.Nxg6 Qxg6 36.Rg3 Rd6
37.Bc2 Qxg3 38.Qxg3+ Kh8 39.Qe5+  1-0

[Event "Pula zt"]
[Site "Pula"]
[Date "1975.??.??"]
[Round "?"]
[White "Schmidt, Wlodzimierz"]
[Black "Andersson, Ulf"]
[Result "1/2-1/2"]
[WhiteElo "2465"]
[BlackElo "2565"]

1.Nf3 Nf6 2.c4 b6 3.g3 Bb7 4.Bg2 c5 5.O-O e6 6.b3 Be7 7.Bb2 O-O 8.Nc3 d6
9.e3 Nbd7 10.Qe2 Rc8 11.Rfd1 Qc7 12.d4 cxd4 13.Nxd4 Bxg2 14.Kxg2 a6 15.e4 Qb7
16.f3 Rc7 17.Rab1 Rfc8 18.a4 Ne5 19.Nc2 Nfd7 20.Ne3 Nc5 21.Ba1 h6 22.Nc2 Qa8
23.Ne3 Bf8 24.Rd2 Be7 25.Rdd1 Qc6 26.Nc2 Rf8 27.Nd4 Qa8 28.Nc2 Rd8 29.Ne3 Qc6
30.Nc2 Bf6 31.Ne3 Kh8 32.Nc2 Rcc8 33.Ne3 Kg8 34.Nc2 Be7 35.Ne3 Kh8 36.Nc2 Rc7
37.Ne3 Rf8 38.Nc2 Rcc8 39.Ne3 Rc7 40.Nc2 Qb7 41.Ne3 Rfc8 42.Nc2 Rd8 43.Ne3 Qc6
44.Nc2 Bf6 45.Ne3 Rcc8 46.Nc2 Qe8 47.Ne3 Kg8 48.Rd2 Rb8 49.Rdd1 Qc6 50.Nc2 Re8
51.Ne3 Rbd8 52.Nc2 Kh7 53.Ne3 Rf8 54.Nc2 Rg8 55.Ne3 Rge8 56.Nc2 Qa8 57.Ne3 Qc6
58.Nc2 g6 59.Ne3 Bg7 60.Nc2 Rf8 61.Rd2 Qa8 62.Nd4 Nc6 63.Nd1 Ne5 64.Nc3 Rfe8
65.Rdd1 d5 66.cxd5 exd5 67.Nxd5 Rxd5 68.exd5 Ng4 69.Qd2 Ne3+ 70.Kf2 Nxd1+
71.Qxd1 Qxd5 72.b4 Nxa4 73.Nb3 Qh5 74.h4 Nc3 75.Bxc3 Bxc3 76.Qd7 Rf8 77.Qd6 Bg7
78.Qxb6 Qf5 79.Rc1 Qh3 80.f4 Re8 81.Qxa6 Re4 82.Qb5 Qe6 83.Rb1 Rc4 84.Rc1 Re4
85.Rb1 h5 86.Qd3 Rxb4 87.Nd2 Rd4 88.Qc2 Bf6 89.Nf3 Rd5 90.Rd1 Ra5 91.Rd2 Kg7
92.Kg2 Ra3 93.Qc5 Re3 94.Qd5 Qg4 95.Kf2 Ra3 96.Rd3 Ra7 97.Kg2 Rc7 98.Rd2 Qc8
99.Qe4 Rc4 100.Qd5 Rb4 101.Rd3 Qc1 102.Rd1 Rb2+ 103.Rd2 Rb1 104.Qd3 Qh1+
105.Kf2 Be7 106.Rc2 Bd8 107.Rc6 Bb6+ 108.Rxb6 Rxb6 109.Qd4+ Rf6 110.Ne5 Qh2+
111.Kf3 Qh3 112.Kf2 Qe6 113.Nd7 Qd6 114.Qxf6+ Qxf6 115.Nxf6 Kxf6 116.Ke3 Ke7
117.Kd3 Kd7 118.Ke3 Ke6 119.Ke4 Kf6 120.Ke3 Kf5  1/2-1/2

[Event "Pula zt"]
[Site "Pula"]
[Date "1975.??.??"]
[Round "?"]
[White "Hug, Werner"]
[Black "Andersson, Ulf"]
[Result "0-1"]
[WhiteElo "2420"]
[BlackElo "2565"]

1.e4 c5 2.Nc3 d6 3.g3 Nc6 4.Bg2 g6 5.d3 Bg7 6.Be3 Rb8 7.Qd2 Qa5 8.Nf3 Nd4
9.Nh4 e6 10.f4 Ne7 11.f5 exf5 12.O-O Be6 13.Bh6 Be5 14.Rae1 Kd7 15.Qc1 Rhe8
16.exf5 Ndxf5 17.Nxf5 Nxf5 18.Bd2 Bd4+ 19.Kh1 h5 20.Ne4 Qb6 21.Bc3 Qd8 22.Qf4 Rc8
23.Ng5 Qb6 24.Ne4 Kc7 25.a4 Kb8 26.Re2 Bd5 27.Rfe1 Re6 28.Ng5 Bxg2+ 29.Kxg2 Rxe2+
30.Rxe2 Qc6+ 31.Qe4 Re8 32.Qxc6 Rxe2+ 33.Kf1 Rf2+ 34.Kg1 bxc6 35.Bxd4 Rxc2
36.Bc3 d5 37.Be5+ Kc8 38.Nxf7 d4 39.Nh8 c4  0-1